The Last: Entertainment Quiz Stats

 Plays Quiz not verified by Sporcle

Score 0/15 Timer 06:00
3 Plays Today
Question Answer Wrong Answers
Who was the last Marvel superhero to get his own movie? Black Panther
92.6%
Iron Man
1.1%
Thor
2.8%
Captain America
3.1%
Which Broadway musical's last scene shows both gangs taking Tony's body away? West Side Story
90.3%
Romeo & Juliet
1.7%
Hairspray
2%
Rent
2.8%
Who was the last of these villains to be introduced as foes of Batman? Bane
81.5%
Joker
3.7%
Riddler
5.7%
Catwoman
5.4%
Which entertainer's last words were, 'I'm going to the bathroom to read'? Elvis Presley
79.8%
Marilyn Monroe
4%
Johnny Cash
8%
Whitney Houston
6%
Where was the last scene from Friends set? Chandler and Monica's apartment
74.4%
Central Perk
17.9%
London, baby
4.3%
Phoebe's taxi
2%
In the last scene of the Sopranos, where is Tony? In a diner
62.7%
The Bada Bing
5.7%
A shallow grave
14%
His daughter's wedding
13.4%
Which sporting entertainer said, 'only last week, I murdered a rock, injured a stone, hospitalised a brick; I'm so mean I make medicine sick'. Muhammad Ali
59.8%
Dennis Rodman
9.1%
George Best
3.7%
Hulk Hogan
22.2%
Which Adult Swim animation was the last to hit our screens? Rick and Morty
57.8%
Space Ghost Coast to Coast
8.3%
Aqua Teen Hunger Force
17.1%
The Boondocks
11.7%
Who was the last of these celebrities to host the Golden Globes? Sandra Oh
45.6%
Ricky Gervais
25.6%
Tina Fey
23.6%
Janine Turner
2.8%
Which Kardashian was the last to have their first child? Khloe
45%
Kim
13.4%
Kourtney
23.6%
Rob
16.5%
Who is the last of these people to have achieve the EGOT? (Emmy, Grammy, Oscar and Tony Awards) Andrew Lloyd Webber
33.6%
Paris Hilton
4%
John Gielgud
10.3%
Whoopi Goldberg
47.6%
What are traditionally waved at the Last Night of the Proms? Union Jacks
29.6%
Hankies
34.8%
Lighters
26.8%
Hands
5.4%
Who was the last of these guys to serve as Green Lantern? Jessica Cruz
25.6%
John Stewart
14.5%
Hal Jordan
31.3%
Alan Scott
24.2%
Who was last of these to join the Avengers? Power Woman
17.1%
Black Widow
27.1%
Ms. Marvel
30.5%
She Hulk
20.5%
Who was the last of these villains to actually kill Superman? Denny Swan, the Energy Superman
12.5%
Zunial, the Murder Man
11.1%
Count Crystal
11.4%
Doomsday
59.8%

You're not logged in!

Compare scores with friends on all Sporcle quizzes.
OR
Log In

Show Comments

Extras

Top Quizzes Today


Score Distribution

Your Account Isn't Verified!

In order to create a playlist on Sporcle, you need to verify the email address you used during registration. Go to your Sporcle Settings to finish the process.

Report this User

Report this user for behavior that violates our Community Guidelines.

Details: